Autonomous mobile robots (Record no. 71391)
[ view plain ]
| 000 -LEADER | |
|---|---|
| fixed length control field | 00656nam a22001937a 4500 |
| 003 - CONTROL NUMBER IDENTIFIER | |
| control field | NUST - PNEC |
| 005 - DATE AND TIME OF LATEST TRANSACTION | |
| control field | 20170116181159.0 |
| 008 - FIXED-LENGTH DATA ELEMENTS--GENERAL INFORMATION | |
| fixed length control field | 160208b xxu||||| |||| 00| 0 eng d |
| 020 ## - INTERNATIONAL STANDARD BOOK NUMBER | |
| International Standard Book Number | 9789351112365 |
| 040 ## - CATALOGING SOURCE | |
| Transcribing agency | LIBRARY |
| 082 ## - DEWEY DECIMAL CLASSIFICATION NUMBER | |
| Classification number | 629.892 KUM |
| 100 ## - MAIN ENTRY--PERSONAL NAME | |
| 9 (RLIN) | 16272 |
| Personal name | Kumar, Yogesh |
| 245 ## - TITLE STATEMENT | |
| Title | Autonomous mobile robots |
| Statement of responsibility, etc. | Yogesh Kumar |
| 260 ## - PUBLICATION, DISTRIBUTION, ETC. | |
| Place of publication, distribution, etc. | New Delhi: |
| Name of publisher, distributor, etc. | Random Publications; |
| Date of publication, distribution, etc. | 2014 |
| 300 ## - PHYSICAL DESCRIPTION | |
| Extent | 285 pages. |
| 650 ## - SUBJECT ADDED ENTRY--TOPICAL TERM | |
| 9 (RLIN) | 16273 |
| Topical term or geographic name entry element | Autonomous Robot |
| General subdivision | ME, MS CONT |
| 856 ## - ELECTRONIC LOCATION AND ACCESS | |
| Uniform Resource Identifier | <a href="http://www.amazon.com/Autonomous-Mobile-Robots-Yogesh-Kumar/dp/9351112365/ref=sr_1_1?s=books&ie=UTF8&qid=1454908151&sr=1-1&keywords=9789351112365">http://www.amazon.com/Autonomous-Mobile-Robots-Yogesh-Kumar/dp/9351112365/ref=sr_1_1?s=books&ie=UTF8&qid=1454908151&sr=1-1&keywords=9789351112365</a> |
| 942 ## - ADDED ENTRY ELEMENTS (KOHA) | |
| Source of classification or shelving scheme | |
| Koha item type | Book |
| Withdrawn status | Lost status | Source of classification or shelving scheme | Materials specified (bound volume or other part) | Damaged status | Not for loan | Permanent Location | Current Location | Shelving location | Date acquired | Source of acquisition | Cost, normal purchase price | Total Checkouts | Full call number | Barcode | Date last seen | Cost, replacement price | Price effective from | Koha item type |
|---|---|---|---|---|---|---|---|---|---|---|---|---|---|---|---|---|---|---|
| hardbound | Pakistan Navy Engineering College (PNEC) | Pakistan Navy Engineering College (PNEC) | 12/07/2016 | Capital Book Company / Ref Grant | 2169.20 | 629.892 KUM | PNECLIB-032510 | 02/08/2016 | 2169.20 | 12/07/2016 | Book |
